00660nam a22001937a 450000500170000001000150001702000270003203500140005903700130007308200120008624501330009826000390023127000950027030000240036550000200038970000200040970000190042970000180044820191007150600.0 aENG-126610 a9789353285487c1095.00 aEN-110142 bDBAD/PUB a320.530 aRadicalization in South Asia :ced.by Mubashar Hasan, Kenji Isezali [and] Sameer Yasirbcontext, trajectories and implications / aNew DelhibSAGE Publicationsc2019 aB1/1-1, Mohan Cooperative Industrial AreabMathura Road, New Delhie110044mwww.sagepub.in axii,350p.c22cm(Hb) aIncludes index aHasan, Mubashar aIsezaki, Kenji aYasir, Sameer